বিষয়বস্তু এড়িয়ে যান
VuFind
ভাষা
English
Deutsch
Español
Français
Italiano
日本語
Nederlands
Português
Português (Brasil)
中文(简体)
中文(繁體)
Türkçe
עברית
Gaeilge
Cymraeg
Ελληνικά
Català
Euskara
Русский
Čeština
Suomi
Svenska
polski
Dansk
slovenščina
اللغة العربية
বাংলা
Galego
Tiếng Việt
Hrvatski
हिंदी
সমস্ত ক্ষেত্রসমূহ
আখ্যা
লেখক
বিষয়
ডাক সংখ্যা
আইসবিএন/আইএসএসএন
ট্যাগ
অনুসন্ধান
বিস্তৃত
অনুসন্ধান
Jaisa tum chaho
সাইট করুন
এই ই-মেইলটি
মুদ্রণ
নথি এক্সপোর্ট করুন
এক্সপোর্ট করুন RefWorks
এক্সপোর্ট করুন EndNoteWeb
এক্সপোর্ট করুন EndNote
permanent_link
লোডিং...
Jaisa tum chaho
other_versions_link
গ্রন্থ-পঞ্জীর বিবরন
প্রধান লেখক:
Shakespeare, William
ভাষা:
English
বিষয়গুলি:
Drama-
হোল্ডিংস
বিবরন
other_versions_title
অনুরূপ উপাদানগুলি
স্টাফেদের বিবরণ দেখুন
LEADER
00331nam a22001457a 4500
005
20151026132944.0
008
101129t xxu||||| |||| 00| 0 eng d
041
|a
Hindi
080
|a
89H-2
|b
SHAK/J
100
|a
Shakespeare, William
|9
5531
245
|a
Jaisa tum chaho
300
|a
120p.
653
|a
Drama-
942
|c
BK
|6
_
999
|c
60341
|d
60341
অনুরূপ উপাদানগুলি
Jaisa tum chaho /
অনুযায়ী: Shakespeare, William
প্রকাশিত: (1962)
Jaisa tum chaho/
অনুযায়ী: Shakespeare
প্রকাশিত: (2009)
Jaisa tum chaho (As you like it)
অনুযায়ী: Shakespeare, William
প্রকাশিত: (2007)
Jaisa Tum Caho
অনুযায়ী: Nicoll, Allardyce
প্রকাশিত: (1965)
Jaisa chaho vaisa bano /
অনুযায়ী: Sweet , Marden
প্রকাশিত: (1962)
লোডিং...